[Event "Riga RTU rapid op"]
[Site "Riga"]
[Date "2019.07.04"]
[Round "2"]
[White "Vedrickiene, Jovita"]
[Black "Bulmaga, Irina"]
[Result "0-1"]
[WhiteElo "2035"]
[BlackElo "2434"]
[PlyCount "72"]
[EventDate "2019.07.04"]
[EventType "swiss (rapid)"]
[EventRounds "9"]
[EventCountry "LAT"]
[SourceTitle "EXT 2020"]
[Source "ChessBase"]
[SourceDate "2019.10.17"]
[SourceVersion "1"]
[SourceVersionDate "2019.10.17"]
[SourceQuality "1"]

1. e4 c5 2. d3 Nc6 3. g3 e6 4. Bg2 Nf6 5. Nf3 d5 6. Nbd2 Be7 7. 0-0 Qc7 8. Re1 b6 9. Nf1 dxe4 10. dxe4 Bb7 11. Bf4 e5 12. Bd2 0-0 13. Nh4 Rfd8 14. c3 Na5 15. Qe2 c4 16. Kh1 Nd7 17. Nf5 Bf8 18. Bg5 f6 19. Be3 Nc5 20. Qg4 Nd3 21. Re2 Kh8 22. h4 Bc8 23. h5 Nb7 24. Qh4 Qf7 25. g4 h6 26. N1g3 Nbc5 27. Rg1 Bb7 28. Rd2 Ne6 29. Ne2 Ng5 30. Bxg5 hxg5 31. Qg3 Nxf2+ 32. Qxf2 Rxd2 33. Bf3 Bc5 34. Qh2 Bxg1 35. Kxg1 Rad8 36. h6 g6 0-1

[Event "Prague op"]
[Site "Prague"]
[Date "2019.03.09"]
[Round "1"]
[White "Vedrickiene, Jovita"]
[Black "Pulpan, Jakub"]
[Result "0-1"]
[WhiteElo "2063"]
[BlackElo "2417"]
[PlyCount "80"]
[EventDate "2019.03.09"]
[EventType "swiss"]
[EventRounds "9"]
[EventCountry "CZE"]
[SourceTitle "CBM 189 Extra"]
[Source "ChessBase"]
[SourceDate "2019.06.03"]
[SourceVersion "1"]
[SourceVersionDate "2019.06.03"]
[SourceQuality "1"]

1. e4 e5 2. Nf3 Nc6 3. Bc4 Nf6 4. d3 Bc5 5. 0-0 a6 6. c3 Ba7 7. Re1 0-0 8. Nbd2 d6 9. Bb3 Ne7 10. Nf1 Ng6 11. Ng3 c6 12. d4 Bg4 13. Be3 Nh4 14. dxe5 Bxf3 15. gxf3 dxe5 16. Qe2 Nd7 17. Kh1 Qf6 18. Bd1 Bxe3 19. fxe3 Nc5 20. Rg1 Ne6 21. Qf2 Kh8 22. Nh5 Qe7 23. Qg3 Ng6 24. Bc2 Rad8 25. Rg2 Qh4 26. Qxh4 Nxh4 27. Rf2 Nc5 28. Rg1 g6 29. Nf6 Nd3 30. Rff1 Nxb2 31. Rg4 Rd6 32. Nxh7 Kxh7 33. Rxh4+ Kg7 34. Rb1 Nc4 35. Rxb7 Nxe3 36. Bb3 Rd2 37. h3 g5 38. Rg4 Nxg4 39. fxg4 Rd3 40. Kg2 Rxc3 0-1

[Event "Baltija Cup op 7th"]
[Site "Palanga"]
[Date "2010.06.23"]
[Round "7"]
[White "Stremavicius, Titas"]
[Black "Vedrickiene, Jovita"]
[Result "1-0"]
[WhiteElo "1837"]
[BlackElo "2077"]
[PlyCount "123"]
[EventDate "2010.06.20"]
[EventType "swiss"]
[EventRounds "8"]
[EventCountry "LTU"]
[SourceTitle "EXT 2022"]
[Source "ChessBase"]
[SourceDate "2021.10.06"]
[SourceVersion "1"]
[SourceVersionDate "2021.10.06"]
[SourceQuality "1"]

1. c4 Nf6 2. Nc3 g6 3. d4 Bg7 4. e4 d6 5. f3 Nbd7 6. Be3 c6 7. Qd2 a6 8. a4 Rb8 9. b4 c5 10. bxc5 dxc5 11. d5 Qa5 12. Rc1 Ne5 13. h3 Qb4 14. Nd1 Qxd2+ 15. Bxd2 Nh5 16. Kf2 Bf6 17. g3 g5 18. Be2 Ng7 19. f4 gxf4 20. gxf4 Bh4+ 21. Ke3 Ng6 22. Nb2 Bf6 23. Bc3 Bd4+ 24. Bxd4 cxd4+ 25. Kxd4 Nxf4 26. Nd3 Ng6 27. h4 h5 28. Nf3 Bg4 29. a5 f5 30. Rb1 fxe4 31. Kxe4 Nf5 32. Rhg1 Bxf3+ 33. Bxf3 Ngxh4 34. Bxh5+ Kd8 35. Nc5 Nd6+ 36. Kd3 Rxh5 37. Rg8+ Ne8 38. Nxa6 Ra8 39. Rxe8+ Kxe8 40. Nc7+ Kd7 41. Nxa8 Kc8 42. Rh1 Rh6 43. Nb6+ Kc7 44. c5 Kb8 45. Ke4 Kc7 46. Nc4 Rh8 47. Ne5 Rh6 48. d6+ exd6 49. cxd6+ Rxd6 50. Rxh4 b5 51. Rh2 Kb7 52. Nd3 Ka6 53. Nc5+ Ka7 54. Rb2 Rd1 55. Rxb5 Rd2 56. Rb7+ Ka8 57. Rd7 Ra2 58. a6 Ra5 59. Kd5 Kb8 60. Kc6 Kc8 61. Rh7 Kd8 62. a7 1-0

[Event "Baltija Cup op 7th"]
[Site "Palanga"]
[Date "2010.06.23"]
[Round "6"]
[White "Vedrickiene, Jovita"]
[Black "Malinin, Yuri"]
[Result "0-1"]
[WhiteElo "2077"]
[BlackElo "2314"]
[PlyCount "114"]
[EventDate "2010.06.20"]
[EventType "swiss"]
[EventRounds "8"]
[EventCountry "LTU"]
[SourceTitle "EXT 2022"]
[Source "ChessBase"]
[SourceDate "2021.10.06"]
[SourceVersion "1"]
[SourceVersionDate "2021.10.06"]
[SourceQuality "1"]

1. e4 Nf6 2. d3 e5 3. f4 d6 4. Nf3 Nc6 5. c3 Be7 6. Na3 0-0 7. Nc4 exf4 8. Bxf4 d5 9. exd5 Nxd5 10. Bd2 b5 11. Ne3 Re8 12. Kf2 b4 13. d4 bxc3 14. bxc3 Rb8 15. Rb1 Be6 16. Bd3 Nf6 17. Qc2 g6 18. Rhf1 Rxb1 19. Rxb1 Bd6 20. Kg1 Ne7 21. Ng5 Ned5 22. Nxe6 Rxe6 23. Nxd5 Nxd5 24. Bc4 c6 25. Qd3 Qc7 26. g3 h5 27. Bg5 Be7 28. Bd2 Kg7 29. Ba6 Qa5 30. Bc8 Rf6 31. c4 Nb4 32. a3 Nxd3 33. Bxa5 Rd6 34. Rb3 Nc1 35. Rb7 Bf6 36. d5 cxd5 37. cxd5 Rxd5 38. Bb4 a5 39. Be7 Bxe7 40. Rxe7 Kf6 41. Rc7 Nd3 42. Ba6 Rc5 43. Rb7 Ne5 44. a4 Rc1+ 45. Kf2 Rc2+ 46. Ke3 Rxh2 47. Rb6+ Ke7 48. Rb5 Kd6 49. Rxa5 Rg2 50. Kf4 Rf2+ 51. Kg5 Rf3 52. Kh4 f6 53. Bc8 Rf2 54. Kh3 Nf3 55. g4 h4 56. g5 f5 57. Ra6+ Ke5 0-1

[Event "Baltija Cup op 7th"]
[Site "Palanga"]
[Date "2010.06.22"]
[Round "5"]
[White "Tvarijonas, Tomas"]
[Black "Vedrickiene, Jovita"]
[Result "0-1"]
[WhiteElo "1920"]
[BlackElo "2077"]
[PlyCount "66"]
[EventDate "2010.06.20"]
[EventType "swiss"]
[EventRounds "8"]
[EventCountry "LTU"]
[SourceTitle "EXT 2022"]
[Source "ChessBase"]
[SourceDate "2021.10.06"]
[SourceVersion "1"]
[SourceVersionDate "2021.10.06"]
[SourceQuality "1"]

1. e4 c5 2. Nf3 Nc6 3. d4 cxd4 4. Nxd4 Nf6 5. Nc3 e5 6. Ndb5 d6 7. Bg5 a6 8. Na3 b5 9. Nd5 Be7 10. Bxf6 Bxf6 11. c3 Ne7 12. Nxf6+ gxf6 13. Bd3 Bb7 14. Qe2 d5 15. Rd1 Qb6 16. 0-0 0-0-0 17. g3 Rhg8 18. Rfe1 f5 19. exd5 e4 20. c4 Ng6 21. Bb1 Ne5 22. Bxe4 fxe4 23. Qxe4 Ng4 24. c5 Qh6 25. h4 Qf6 26. Re2 Rde8 27. Qd3 Ne5 28. Qc3 Nf3+ 29. Kf1 Qf5 30. Rxe8+ Rxe8 31. Kg2 Bxd5 32. Rxd5 Ne1+ 33. Qxe1 Qxd5+ 0-1

[Event "LTU-chT2"]
[Site "Lithuania"]
[Date "2010.01.31"]
[Round "6.11"]
[White "Vedrickiene, Jovita"]
[Black "Sumskis, Rimvydas"]
[Result "0-1"]
[WhiteElo "2074"]
[BlackElo "2175"]
[PlyCount "52"]
[EventDate "2009.11.07"]
[EventType "team-tourn"]
[EventRounds "9"]
[EventCountry "LTU"]
[SourceTitle "EXT 2022"]
[Source "ChessBase"]
[SourceDate "2021.10.06"]
[SourceVersion "1"]
[SourceVersionDate "2021.10.06"]
[SourceQuality "1"]

1. e4 e6 2. d3 d5 3. Nd2 Nc6 4. Ngf3 e5 5. exd5 Qxd5 6. Nc4 Be6 7. Ng5 Bc5 8. c3 Nf6 9. b4 Be7 10. Be2 0-0 11. Bf3 Qd7 12. b5 Bxc4 13. bxc6 Qxd3 14. Qxd3 Bxd3 15. cxb7 Rab8 16. Bc6 Ne8 17. Nf3 Bf6 18. Ba3 Nd6 19. Bc5 Nxb7 20. Bxf8 Kxf8 21. h4 Na5 22. Ba4 Rb2 23. Nd2 e4 24. Rc1 Rxa2 25. Bd1 Be5 26. g3 e3 0-1

[Event "LTU-ch (Women)"]
[Site "Panevezys"]
[Date "2008.04.11"]
[Round "5"]
[White "Sarakauskiene, Zivile"]
[Black "Vedrickiene, Jovita"]
[Result "0-1"]
[WhiteElo "2198"]
[BlackElo "2060"]
[PlyCount "78"]
[EventDate "2008.04.08"]
[EventType "tourn"]
[EventRounds "9"]
[EventCountry "LTU"]
[SourceTitle "EXT 2022"]
[Source "ChessBase"]
[SourceDate "2021.10.06"]
[SourceVersion "1"]
[SourceVersionDate "2021.10.06"]
[SourceQuality "1"]

1. e4 c5 2. Nf3 Nf6 3. Nc3 Nc6 4. d4 d5 5. exd5 Nxd5 6. Ne4 cxd4 7. Nxd4 Ndb4 8. Nxc6 Qxd1+ 9. Kxd1 bxc6 10. a3 Bf5 11. axb4 Bxe4 12. Be3 e5 13. c3 Be7 14. f3 Bd5 15. Kc2 0-0 16. Rxa7 Rxa7 17. Bxa7 f5 18. Be2 g5 19. c4 Be6 20. Bc5 Bxc5 21. bxc5 g4 22. fxg4 fxg4 23. Rf1 Bf5+ 24. Kd2 Kg7 25. Ke3 e4 26. b4 h5 27. g3 Kf6 28. Rd1 Ke5 29. Rd6 Ra8 30. Rd1 Ra3+ 31. Kf2 e3+ 32. Ke1 Be4 33. b5 Rb3 34. b6 Bf3 35. Rd7 Rb2 36. Bd3 Ra2 37. Bb1 Ra1 38. Re7+ Kd4 39. Rd7+ Kxc5 0-1

[Event "LTU-ch (Women)"]
[Site "Panevezys"]
[Date "2008.04.08"]
[Round "1"]
[White "Savickiene, Viktorija"]
[Black "Vedrickiene, Jovita"]
[Result "0-1"]
[WhiteElo "2007"]
[BlackElo "2060"]
[PlyCount "74"]
[EventDate "2008.04.08"]
[EventType "tourn"]
[EventRounds "9"]
[EventCountry "LTU"]
[SourceTitle "EXT 2022"]
[Source "ChessBase"]
[SourceDate "2021.10.06"]
[SourceVersion "1"]
[SourceVersionDate "2021.10.06"]
[SourceQuality "1"]

1. d4 d5 2. c4 dxc4 3. e4 Nf6 4. Nc3 Nc6 5. e5 Nd5 6. Bxc4 Nb6 7. Bb5 Bd7 8. Nge2 a6 9. Bd3 Bg4 10. f3 Be6 11. Be4 Nd5 12. 0-0 Qd7 13. a3 f5 14. Na4 b6 15. Qc2 fxe4 16. fxe4 Bg4 17. exd5 Qxd5 18. Nac3 Qd7 19. Qe4 Bxe2 20. Nxe2 0-0-0 21. Be3 Qd5 22. Qg4+ Kb8 23. Rac1 Na5 24. Nf4 Qe4 25. Rfe1 g5 26. Qxg5 h6 27. Qh4 Rg8 28. Bf2 Qf5 29. h3 Nb3 30. Rcd1 Rd7 31. Rd3 Na5 32. Rf3 e6 33. Kh2 Be7 34. Qh5 Bg5 35. Nd3 Qh7 36. Nb4 Rdg7 37. Rg1 Qe4 0-1